[Event "Llinars del Valles op 3rd"]
[Site "Llinars del Valles"]
[Date "2009.05.16"]
[Round "5"]
[White "Gomez Olivencia, Ferran"]
[Black "Ibanez Pastor, Jordi"]
[Result "1-0"]
[WhiteElo "2020"]
[BlackElo "1831"]
[PlyCount "55"]
[EventDate "2009.04.18"]
[EventType "swiss"]
[EventRounds "7"]
[EventCountry "ESP"]
[SourceTitle "EXT 2011"]
[Source "ChessBase"]
[SourceDate "2010.11.26"]
[SourceVersion "1"]
[SourceVersionDate "2010.11.26"]
[SourceQuality "1"]

1. e4 c5 2. Ne2 Nc6 3. c4 d6 4. Nbc3 Bg4 5. f3 Be6 6. b3 Nf6 7. Nd5 Qa5 8. Bb2 Bxd5 9. exd5 Ne5 10. Nc3 g6 11. f4 Ned7 12. Bd3 Bg7 13. 0-0 h5 14. Qe1 Rg8 15. Bc2 Ng4 16. Qe2 f5 17. Rae1 Bd4+ 18. Kh1 Qd8 19. Qe6 Ndf6 20. Nb5 Qd7 21. Nxd6+ Kd8 22. Nf7+ Kc7 23. Bxd4 Qxe6 24. dxe6 cxd4 25. h3 Rg7 26. hxg4 hxg4 27. g3 Rh7+ 28. Kg2 1-0